[Event "LEM Sachsen-Anhalt"]
[Site "Halle"]
[Date "2010.05.13"]
[Round "7.4"]
[White "Goergens, Michael"]
[Black "Andre, Gordon"]
[Result "0-1"]
[WhiteElo "2075"]
[BlackElo "2297"]
[PlyCount "100"]
[EventDate "2010.??.??"]

1. e4 c6 2. d4 d5 3. e5 Bf5 4. Bd3 Bxd3 5. Qxd3 e6 6. Ne2 Qa5+ 7. Nd2 Qa6 8.
Qxa6 Nxa6 9. c3 c5 10. Nb3 Rc8 11. Be3 b6 12. h4 h5 13. f3 Ne7 14. Rc1 g6 15.
a3 Kd7 16. Bg5 Bg7 17. Bxe7 Kxe7 18. Kf2 Rc7 19. f4 f6 20. exf6+ Bxf6 21. g3
Rhc8 22. Ke3 Kd6 23. Nd2 Nb8 24. Nf3 Nc6 25. Ne5 Na5 26. b4 cxd4+ 27. cxd4 Nc4+
28. Nxc4+ Rxc4 29. Rxc4 Rxc4 30. Kd3 Ke7 31. Rc1 b5 32. Rxc4 bxc4+ 33. Ke3 Kd7
34. Kd2 Be7 35. Kc3 a5 36. f5 axb4+ 37. axb4 exf5 38. Nf4 Kc6 39. Nxg6 Bd6 40.
Ne5+ Kb5 41. Nd7 Bxg3 42. Nf6 Bxh4 43. Nxd5 Be1+ 44. Kc2 h4 45. Nf4 Bg3 46. Nh3
f4 47. d5 f3 48. Kd2 f2 49. Ke2 c3 50. d6 c2 0-1